| 000 | 00547nam a2200181 4500 | ||
|---|---|---|---|
| 001 | 122176 | ||
| 003 | ES-MaACL | ||
| 005 | 20250804050950.0 | ||
| 007 | t| | ||
| 008 | 070214s1973 sp r ||||1| spa d | ||
| 100 | 1 |
_aPoulantzas, Nicos. _993436 |
|
| 245 | 1 | 0 |
_aClases sociales y alianzas por el poder / _cNicos Poulantzas ; traducción de Carlos Díaz. |
| 260 |
_aBilbao : _bZero, _c1973. |
||
| 300 |
_a103 p. ; _c16 cm. |
||
| 700 | 1 |
_aDíaz, Carlos, _d1944- _944113 |
|
| 852 |
_aES-MaACL _jC-53750 _bR.86366 |
||
| 999 |
_c122176 _d122176 |
||